States of Andorra - Statistics

General Stats
  • This quiz has been taken 10 times
  • The average score is 2 of 7
Answer Stats
Answer % Correct
Parroquia d'Andorra La Vella
100%
Parroquia de Canillo
17%
Parroquia de La Massana
17%
Parroquia d'Encamp
17%
Parroquia de Sant Julia de Loria
17%
Parroquia d'Ordino
17%
Parroquia d'Escaldes-Engordany
0%
No matching quizzes found
Score Distribution
Percent of People with Each Score
Percentile by Number Answered
Your Score History
You have not taken this quiz